01393 2200193 4500001002100000005001500021035002000036008004100056245002000097100001100117250000600128260003100134300001200165084001400177082000800191650001000199520097800209990001201187INLIS00000000000005620240711093406 a0010-0424000032240711 1 ind 1 aSugar /cMi Rae aMi Rae a1 aJakarta :bGramedia,c2014 a248 hlm a800 MIR s a800 4aFiksi aFriska bekerja sebagai direktur di perusahaan ayahnya, grup raksasa pemegang perusahaan makanan kaleng di Indonesia. Dia mengurus CSR (Corporate Social Responsbility) bidang kesenian; sebagai bentuk apresiasi perusahaan kepada masyarakat. Bertubuh mungil, Friska dikenal ramah dan aktif, sayangnya dia menderita diabetes sejak kecil. Suatu hari, ketika mengadakan pameran lukisan, Friska pingsan ketika berdesak-desakan keluar dari gedung yang diancam bom. Dia ditolong oleh Bara, polisi gagah dari satuan K-9. Ternyata ancaman bom itu menjadi awal ancaman yang dialami Friska. Sejak saat itu kedekatan Friska dengan Bara dan anjingnya, Bubu, terjalin erat. Namun, kedekatan mereka tidak disetujui keluarga Friska, yang menganggap ia lebih pantas mendapat lelaki yang sederajat dengannya. Friska dijodohkan dengan putra konglomerat meskipun hatinya tertambat pada Bara. Tapi ketika ancaman maut mengintai Friska, Bara kembali hadir dan tanpa ragu menyelamatkan gadis itu. a0737325